Loading...
| Science - Other Science | 0 | 3 | 0 | 0 | 30 | 98 | 115.33 | 1 | 3 |
| Fine Arts - Visual Fine Arts | 0 | 1 | 0 | 0 | 10 | 131 | 131.00 | 0 | 1 |
| History - European History | 0 | 1 | 0 | 1 | 10 | 91 | 91.00 | 0 | 1 |
| Mythology | 0 | 1 | 0 | 1 | 10 | 134 | 134.00 | 0 | 1 |
| History - World History | 0 | 1 | 0 | 1 | 10 | 124 | 124.00 | 0 | 1 |
| Philosophy | 0 | 1 | 0 | 0 | 10 | 134 | 134.00 | 0 | 1 |
| Religion | 0 | 1 | 0 | 1 | 10 | 89 | 89.00 | 1 | 1 |
| Science - Chemistry | 0 | 1 | 0 | 0 | 10 | 135 | 135.00 | 0 | 1 |
| History - Other History | 0 | 0 | 0 | 0 | 0 | 0.00 | 0 | 0 | |
| History - American History | 0 | 0 | 1 | 0 | -5 | 0.00 | 0 | 0 | |
| Fine Arts - Auditory Fine Arts | 0 | 0 | 1 | 0 | -5 | 0.00 | 0 | 0 | |
| Science - Biology | 0 | 0 | 1 | 0 | -5 | 0.00 | 0 | 0 |